<?xml version="1.0" encoding="UTF-8"?>
<marc:record xmlns:marc="http://www.loc.gov/MARC21/slim">
   <marc:leader>00000nam a2200000 a 4500</marc:leader>
   <marc:datafield ind1="1" ind2=" " tag="100">
      <marc:subfield code="a">Susanne Gernhäuser</marc:subfield>
      <marc:subfield code="4">aut</marc:subfield>
      <marc:subfield code="e">Verfasser/-in</marc:subfield>
   </marc:datafield>
   <marc:datafield ind1=" " ind2=" " tag="653">
      <marc:subfield code="a">Antolin</marc:subfield>
   </marc:datafield>
   <marc:datafield ind1=" " ind2=" " tag="653">
      <marc:subfield code="a">Dinosaurier</marc:subfield>
   </marc:datafield>
   <marc:datafield ind1=" " ind2=" " tag="653">
      <marc:subfield code="a">Klasse-3</marc:subfield>
   </marc:datafield>
   <marc:datafield ind1="0" ind2="0" tag="245">
      <marc:subfield code="a">Dinosaurier</marc:subfield>
   </marc:datafield>
   <marc:datafield ind1="0" ind2="0" tag="245">
      <marc:subfield code="b">Leuchte und entdecke</marc:subfield>
   </marc:datafield>
   <marc:datafield ind1=" " ind2="1" tag="264">
      <marc:subfield code="b">Ravensburger Buchverlag</marc:subfield>
      <marc:subfield code="c">2023</marc:subfield>
   </marc:datafield>
   <marc:datafield ind1="1" ind2=" " tag="490">
      <marc:subfield code="a">Wieso? Weshalb? Warum?</marc:subfield>
   </marc:datafield>
   <marc:datafield ind1="1" ind2=" " tag="520">
      <marc:subfield code="a">Dieses Buch bringt Licht ins Dunkel der Urzeit: mit Taschenlampe und Klappen mehr als 50 Dinos entdecken

Für kleine Dino-Fans sind Spinosaurus und Stegosaurus keine Fremdwörter. In diesem Buch entdecken sie ihre Lieblingstiere ganz neu: Sechs große Folien-Seiten und zahlreiche Klappen verbergen Überraschendes. Mit einer stabilen Taschenlampe aus Pappe machen Kinder auf den dunklen Folien spannende Bilder sichtbar: Sie unternehmen eine Nachtwanderung im Dinopark und helfen bei einer Ausgrabung. Suchaufträge regen dazu an, kleine Details zu finden. Mit Fach zum Aufbewahren der Taschenlampe.</marc:subfield>
   </marc:datafield>
   <marc:datafield ind1=" " ind2=" " tag="020">
      <marc:subfield code="a">9783473600458</marc:subfield>
      <marc:subfield code="9">9783473600458</marc:subfield>
   </marc:datafield>
</marc:record>
